=LDR 00000nam 2200000 4500 =001 INLIS000000000011825 =005 20130612103353 =008 ***********************************Ind** =035 ##$$0010-061300000011825 =041 ##$$a Ind =082 ##$$a 92 [Makasar] =090 ##$$a 92 [Makasar], Tuj s =100 ##$$a Tujimah =245 ##$$a Syekh Yusuf Makasar, Riwayat dan ajarannya, Tudjimah =260 ##$$a 1997 $b Jakarta =300 ##$$a v, 223 hlm, 21 cm =650 ##$$a Makasar, Syekh yusuf, 1626- 1699 =850 ##$$a NBPNMAT